Biblioteka Instytutu Północnego w Olsztynie

"Karnawał" po amerykańsku : (Rekord nr 27830)

Szczegóły MARC
000 -Nagłówek
fixed length control field 02595cam a2200589 i 4500
001 - Nr kontrolny bibl., która utworzyła rek.
control field xx004925732
003 - Siglum bibl., której nr kontr. jest w 001
control field NUKAT
005 - Data i czas ostatniej operacji
control field 20260428094834.0
008 - Elementy pola stałej długości
fixed length control field 200814s2020 pl g |001 0 pol c
020 ## - ISBN
ISBN 9788380989283
dopowiedzenie (oprawa twarda) :
warunki dostępności zł 60,00
035 ## - Systemowy numer kontrolny
systemowy numer kontrolny (OCoLC)1241618984
035 ## - Systemowy numer kontrolny
systemowy numer kontrolny (NUKAT)xx004925732
040 ## - Instytucja sporządzająca opis
Instytucja, która sporządziła opis KAT U/MB
język katalgowania-trzyzn. kod pol
zasady opisu rda
Instytucja, która sporządziła rekord KAT U/MBs
Instytucja, która zmodyfikowała rekord KAT U/DB
-- WA 241/KR
-- POZN U/EMs
-- WR O/IS
-- WA 14/MBs
-- OLSZT 008/bak
045 2# - Okres czasu dla zawartości
czas między r. 9999 pne a nasz. czas. d1980
-- d1981
046 ## - Kod rodz. daty, data1, data2 (daty pne)
Begin/single date 2020
Single or starting date for aggregated content 1980
Ending date for aggregated content 1981
245 00 - Tytuł właściwy i oznaczenie odpow.
tytuł "Karnawał" po amerykańsku :
dodatek do tytułu placówki dyplomatyczne USA w PRL wobec polskich wydarzeń od sierpnia 1980 do grudnia 1981 r. /
dod. inf. ze s. tyt./ozn. odpow. wprowadzenie, wybór i opracowanie Patryk Pleskot ; Instytut Pamięci Narodowej Komisja Ścigania Zbrodni przeciwko Narodowi Polskiemu.
260 ## - Adres wydawniczy
miejsce wydania, dystrybucji itp. Warszawa :
nazwa wydawcy, dystrybutora itp. Instytut Pamięci Narodowej Komisja Ścigania Zbrodni przeciwko Narodowi Polskiemu,
data wydania, dystrybucji itp. 2020.
300 ## - Opis fizyczny
objętość i/lub forma materiału 735 stron ;
format 24 cm.
336 ## - Content Type
Term Tekst
Code txt
Source rdacontent
337 ## - Media Type
Term Bez urządzenia pośredniczącego
Code n
Source rdamedia
338 ## - Carrier Type
Term Wolumin
Code nc
Source rdacarrier
380 ## - Form of work
Form of work Książki
380 ## - Form of work
Form of work Publikacje naukowe
388 1# - TIME PERIOD OF CREATION
Time period of creation term 1901-2000
388 1# - TIME PERIOD OF CREATION
Time period of creation term 1945-1989
388 1# - TIME PERIOD OF CREATION
Time period of creation term 2001-
490 1# - Tytuł serii i ks. wielotom.-nie do wysz.
oznaczenie serii Warszawa Nie?Pokonana ;
numer woluminu T. 22
504 ## - Uwaga o bibliografii
uwaga o bibliografii Bibliografia na stronach 715-723. Indeks.
610 27 - Hasło przedmiotowe-nazwa ciała zbior.
nazwa ciała zbior. lub geogr. CIA
źródło hasła DBN
9 (RLIN) 40747
610 27 - Hasło przedmiotowe-nazwa ciała zbior.
nazwa ciała zbior. lub geogr. NSZZ "Solidarność"
źródło hasła DBN
9 (RLIN) 36385
648 #7 - SUBJECT ADDED ENTRY--CHRONOLOGICAL TERM
Chronological term 1901-2000
Source of heading or term DBN
9 (RLIN) 34996
648 #7 - SUBJECT ADDED ENTRY--CHRONOLOGICAL TERM
Chronological term 1945-1989
Source of heading or term DBN
9 (RLIN) 36043
650 #7 - Hasło przedmiotowe-nazwa pospolita
nazwa pospolita lub geogr. Dyplomacja amerykańska
źródło hasła DBN
9 (RLIN) 40748
650 #7 - Hasło przedmiotowe-nazwa pospolita
nazwa pospolita lub geogr. Służby specjalne
źródło hasła DBN
9 (RLIN) 39644
650 #7 - Hasło przedmiotowe-nazwa pospolita
nazwa pospolita lub geogr. Wydarzenia w Polsce (1980-1981)
źródło hasła DBN
9 (RLIN) 39431
650 #7 - Hasło przedmiotowe-nazwa pospolita
nazwa pospolita lub geogr. Wywiad amerykański
źródło hasła DBN
9 (RLIN) 40749
650 #7 - Hasło przedmiotowe-nazwa pospolita
nazwa pospolita lub geogr. Dyplomacja
określnik chronologiczny 1970-2000
określnik formy źródła.
źródło hasła kaba
9 (RLIN) 40750
651 #7 - Hasło przedmiotowe-nazwa geogr.
nazwa geograficzna Polska
źródło hasła DBN
9 (RLIN) 35076
651 #7 - Hasło przedmiotowe-nazwa geogr.
nazwa geograficzna Polska
określnik rzeczowy stosunki zagraniczne
określnik geograficzny Stany Zjednoczone
określnik chronologiczny 1970-2000
określnik formy źródła.
źródło hasła kaba
9 (RLIN) 40751
651 #7 - Hasło przedmiotowe-nazwa geogr.
nazwa geograficzna Stany Zjednoczone
określnik rzeczowy stosunki zagraniczne
określnik geograficzny Polska
określnik chronologiczny 1970-2000
określnik formy źródła.
źródło hasła kaba
9 (RLIN) 40752
651 #7 - Hasło przedmiotowe-nazwa geogr.
nazwa geograficzna Polska
określnik chronologiczny 1980-1981 (Powstanie Solidarności)
określnik formy źródła.
źródło hasła kaba
9 (RLIN) 40753
655 #7 - Termin określający rodzaj/formę
rodzaj/forma Dokumenty
źródło terminu DBN
9 (RLIN) 37215
655 #7 - Termin określający rodzaj/formę
rodzaj/forma Wydawnictwo źródłowe
źródło terminu DBN
9 (RLIN) 35066
658 ## - Nazwa określająca cel programu nauczania
główny cel programu nauczania Historia
700 1# - Hasło dodatkowe - nazwa osobowa
nazwa osobowa Pleskot, Patryk
daty biograficzne (1980- ).
rodzaj współpracy Wstęp
-- Redakcja
9 (RLIN) 14500
710 2# - Hasło dodatkowe - nazwa ciała zbior.
nazwa ciała zbior. lub nazwa geogr. Instytut Pamięci Narodowej - Komisja Ścigania Zbrodni przeciwko Narodowi Polskiemu.
rodzaj współpracy Instytucja sprawcza
-- Wydawca
kod rodzaju współpracy pbl
9 (RLIN) 11792
830 #0 - Hasło dod. serii i op. ks. wielotom. -tyt
tytuł Warszawa Nie?Pokonana
oznaczenie tomu T. 22
9 (RLIN) 14501
920 ## - ISBN
ISBN 978-83-8098-928-3 (oprawa twarda) : zł 60,00
942 ## - ADDED ENTRY ELEMENTS (KOHA)
Source of classification or shelving scheme Dewey Decimal Classification
Koha item type pozycje dostępne na miejscu
Egzemplarze
Status wycofania Status zagubienia Klasyfikacja Status uszkodzenia Blokada wypożyczeń Kolekcja Lokalizacja macierzysta Lokalizacja bieżąca Data nabycia Numer akcesji Źródło akcesji Cena Nr inwentarzowy il. wypożyczeń Sygnatura Kod kreskowy Date last seen Price effective from Typ egz.
    Dewey Decimal Classification nieuszkodzona   książka w magazynie Biblioteka Instytutu Północnego w Olsztynie Biblioteka Instytutu Północnego w Olsztynie 30/11/2020 D-36/2020 dar 60.00 59948   59948 IPWK24052 28/04/2026 28/04/2026 pozycje dostępne na miejscu
Biblioteka Instytutu Północnego, ul. Partyzantów 87, 10-402 Olsztyn, email: biblioteka(at)ip.olsztyn.pl